[Event "IND-chT 40th"]
[Site "Ahmedabad"]
[Date "2020.02.13"]
[Round "9.5"]
[White "Eshwanth Dev, Kumar J"]
[Black "Jatinder, Kapoor"]
[Result "1-0"]
[WhiteElo "1850"]
[BlackElo "1586"]
[PlyCount "89"]
[EventDate "2020.02.07"]
[EventType "team-swiss"]
[EventRounds "9"]
[EventCountry "IND"]
[SourceTitle "CBM 194 Extra"]
[Source "ChessBase"]
[SourceDate "2020.03.31"]
[SourceVersion "1"]
[SourceVersionDate "2020.03.31"]
[SourceQuality "1"]
[WhiteTeam "Tamil Nadu"]
[BlackTeam "Delhi"]
[WhiteTeamCountry "IND"]
[BlackTeamCountry "IND"]

1. e4 c5 2. Nf3 d6 3. d4 cxd4 4. Nxd4 Nf6 5. Nc3 a6 6. f3 e6 7. Be3 Be7 8. Qd2 Qc7 9. 0-0-0 b5 10. g4 Bb7 11. g5 Nfd7 12. h4 Nc6 13. h5 Nde5 14. Qg2 Nxd4 15. Bxd4 0-0-0 16. f4 Nc4 17. Bxc4 Qxc4 18. Bxg7 Rhg8 19. Bd4 Kb8 20. Be3 b4 21. Rd4 Qc5 22. Na4 Qb5 23. b3 Rc8 24. Qd2 a5 25. Rd1 Rc6 26. Kb1 Rgc8 27. Rc1 Bf8 28. h6 Be7 29. f5 Ra6 30. f6 Bf8 31. e5 Bd5 32. Bf4 dxe5 33. Bxe5+ Rd6 34. Qf4 Qa6 35. c4 bxc3 36. Nxc3 Ka8 37. Bxd6 Bxd6 38. Qd2 Rxc3 39. Qxc3 Be5 40. Qc8+ Qxc8 41. Rxc8+ Kb7 42. Rxd5 exd5 43. Rf8 Kc6 44. Rxf7 Bf4 45. g6 1-0

[Event "IND-chT 40th"]
[Site "Ahmedabad"]
[Date "2020.02.12"]
[Round "8.1"]
[White "Jatinder, Kapoor"]
[Black "Adhiban, Baskaran"]
[Result "0-1"]
[WhiteElo "1586"]
[BlackElo "2654"]
[PlyCount "72"]
[EventDate "2020.02.07"]
[EventType "team-swiss"]
[EventRounds "9"]
[EventCountry "IND"]
[SourceTitle "CBM 194 Extra"]
[Source "ChessBase"]
[SourceDate "2020.03.31"]
[SourceVersion "1"]
[SourceVersionDate "2020.03.31"]
[SourceQuality "1"]
[WhiteTeam "Delhi"]
[BlackTeam "Petroleum Sports"]
[WhiteTeamCountry "IND"]
[BlackTeamCountry "IND"]

1. e4 c5 2. Nc3 Nc6 3. g3 g6 4. Bg2 Bg7 5. d3 d6 6. Nge2 Rb8 7. a4 a6 8. 0-0 Nf6 9. f4 0-0 10. h3 Nd7 11. g4 Nd4 12. Ng3 b5 13. axb5 axb5 14. Nce2 b4 15. c3 bxc3 16. bxc3 Nb3 17. Rb1 Nxc1 18. Rxc1 Rb2 19. Rc2 Qb6 20. Qd2 Rxc2 21. Qxc2 Ba6 22. Rb1 Bxd3 23. Qxd3 c4+ 24. Rxb6 cxd3 25. Rb7 Nc5 26. Ra7 Nb3 27. Bf3 d2 28. Nd4 Nxd4 29. Bd1 Rb8 30. Nf1 Rb1 31. Ra8+ Bf8 32. Ba4 Ra1 33. cxd4 Rxa4 34. Rxf8+ Kxf8 35. Ne3 Ra3 36. Nd1 Ra1 0-1